zpět

Detail výsledku týmu

AktOFFka, Buštěhrad

Datum a čas kvízu

22.5 Celkem bodů Celkový počet nahraných bodů na tomto kvízu bez doplňovacích otázek.
6. Pořadí na kvízu Konečné umístění týmu na tomto kvízu.

Zaznamenané odpovědi

# Otázka Odpověď Body Výsledky
1. Žatecký pivovar uvařil netradi... 1
2. Někteří světoví státníci letos... 1
3. Jeden z nejoriginálnějších umě... 0
4. Společnost Mafra, patřící do k... 0
5. Česká fotbalová reprezentace p... 1
6. Od 4. do 11. února 1945 se na... 0
7. Hlavním a největším městem Ukr... 0
8. Jak se jmenuje prezident Ukraj... 0
9. Mezi nejtypičtější ukrajinské... 0
10. Ukrajina drží jeden zajímavý s... 0